| 000 | 01825nam0a2200361 i 4500 | ||
|---|---|---|---|
| 001 | RU\NLR\BIBL_A\010859258 | ||
| 005 | 20260407123441.0 | ||
| 010 |
_a9785902884101 _93000 |
||
| 021 |
_aRU _b15-67326 |
||
| 035 | _a(NILC)RuMoRGB-008012522 | ||
| 035 | _a(NLR Aleph) 010859258 | ||
| 090 |
_a10412869 _c10412869 |
||
| 100 | _a20151012d2015 um y0rusy50 ca | ||
| 101 | 0 | _arus | |
| 102 | _aRU | ||
| 105 | _aach|z|||000yy | ||
| 200 | 1 |
_aХрам Успения Пресвятой Богородицы в Архангельском-Тюрикове, 1755-2015 _f[сост. Дмитрий Орлов _gред. протоиер. Константин Буфеев] |
|
| 205 | _aИзд. 2-е, испр. и доп. | ||
| 210 |
_aМосква _cИзд-во Миссионерско-Просветительского Центра "Шестодневъ" _d2015 |
||
| 215 |
_a239, [1] с., [36] л. ил., цв. ил., портр. _cил., портр., табл., факс. _d22 |
||
| 320 | _aБиблиогр. в подстроч. примеч. | ||
| 601 | 0 | 2 |
_aХрам Успения Пресвятой Богородицы _cАрхангельское-Тюриково, село; Московская область _92403175 _3RU\NLR\AUTH\661432365 |
| 686 | 2 | _aЭ372.24-655 | |
| 702 | 1 |
_4220 _8rus _7ca _aОрлов _bД. Б. _cкраевед _gДмитрий Б. _3RU\NLR\AUTH\7731524 _914534 |
|
| 702 | 1 |
_aБуфеев _bК. _gКонстантин _4340 |
|
| 712 | 0 | 2 |
_4570 _aХрам Успения Пресвятой Богородицы _cс. Архангельское-Тюриково, Московская обл. _3RU\NLR\AUTH\8810072776 _9647586 |
| 801 | 0 |
_aRU _bРГБ _c20150903 _gRCR |
|
| 942 | _cBOOK | ||
| 980 | _aNBR | ||